000
00235nam a2200097Ia 4500
008
230915s9999 xx 000 0 und d
050
_a
QR41.2 .W55 2014
100
_a
Joanne M. Willey
245
0
_a
Prescott's Microbiology
942
_c
BK
999
_c
194142
_d
194142